| 000 | 00782nam a2200169 a 4500 | ||
|---|---|---|---|
| 005 | 20140412111304.0 | ||
| 008 | 030414s19uu xx 00 eng d | ||
| 050 |
_aFil E _bBe35 |
||
| 245 |
_aBeybi Bibi : _blahat ay magaling kumanta sa wikang kanila. |
||
| 260 |
_aTaguig, M. Mla., Philippines : _bNCP Publishing Corporation. |
||
| 300 | _a1 v. (unp.) ; ill. | ||
| 440 | _aBulilit | ||
| 520 | _aBeybi Bibi wanted to learn how to sing but Mother Duck was not around to teach her. So she looked for someone to teach her how to sing. She approached some of her nieghbors like Metring Kuting, Ging Kanding and Mayitik. but she could not imitate them because their songs were different. | ||
| 650 | _aChildren stories, Filipino | ||
| 650 | _aDucklings--Fiction | ||
| 999 |
_c103574 _d103574 |
||